000 00716cab a2200229 4500
001 WB3219-50
008 090401t1996 xxu||||| |||| 00| 0 eng d
035 _a(Sirsi) u1926
041 _aeng
245 _aRecovery in Tokyo office market
260 _c1996
350 _a0
490 _aFinancial Times
_v17 May 1996, 32(1)
520 _aThe Tokyo office market appears to have `bottomed out` according to annual results from Japan`s three leading property developers.
650 _aJAPAN
650 _aPROPERTY-COMMERCIAL PROPERTY-OFFICE PROPERTY-OFFICE PROPERTY MARKET
650 _aPROPERTY DEVELOPERS
650 _aTOKYO
690 _aOVERSEAS-REST OF THE WORLD
942 _n0
948 _c04/03/1997
999 _c1131
_d1131